|
|
|
|
| LEADER |
00000cam a2200000 a 4500 |
| 001 |
vtls008332204 |
| 003 |
SK-MaSNL |
| 005 |
20260301135520.0 |
| 008 |
250311s1963 xo ho f n 001 0 slo |
| 015 |
|
|
|a SNBA1963/05-01055
|
| 020 |
|
|
|q (viaz.)
|
| 035 |
|
|
|a SK01SNK19630024421
|
| 035 |
|
|
|a urn:nbn:sk:snk-am3it1e
|
| 035 |
|
|
|a E22EFA49-919E-453B-A81D-1F95E87455C9
|
| 035 |
|
|
|a urn:nbn:sk:snk-am00fjf1
|
| 035 |
|
|
|a SKM000026884
|
| 040 |
|
|
|a SNK
|b slo
|c SNK
|e AACR2
|
| 041 |
1 |
|
|a slo
|h ger
|
| 044 |
|
|
|a xo
|c SK
|
| 072 |
|
7 |
|a 811.16
|x Slovanské jazyky
|2 konspekt
|
| 072 |
|
7 |
|a 821.16.09
|x Slovanské literatúry (o nich)
|2 konspekt
|
| 080 |
|
|
|a 811.16
|2 2001
|
| 080 |
|
|
|a 821.16(091)
|2 2001
|
| 080 |
|
|
|a 82(091)
|2 2001
|
| 080 |
|
|
|a 821.16
|2 2001
|
| 080 |
|
|
|a (048.8)
|2 2001
|
| 100 |
1 |
|
|a Šafárik, Pavol Jozef,
|d 1795-1861
|4 aut
|9 85839
|
| 240 |
1 |
0 |
|a Geschichte der slawischen Sprache und Literatur nach allen Mundarten
|l Slovensky
|
| 245 |
1 |
0 |
|a Dejiny slovanského jazyka a literatúry všetkých nárečí
|c Pavel Jozef Šafárik ; z nemeckého originálu Geschichte der slawischen Sprache und Literatur nach allen Mundarten ... preložili, edične pripravili a poznámky napísali Valéria Betáková a Rudolf Beták ; úvodnú štúdiu napísal Karol Rosenbaum
|
| 250 |
|
|
|a 1. vyd.
|
| 260 |
|
|
|a Bratislava
|b Vydavateľstvo Slovenskej akadémie vied
|c 1963
|e Brno
|f Tisk 11
|
| 300 |
|
|
|a 601 s.
|b faksimile, fotografie
|c 21 cm
|
| 366 |
|
|
|e 1200 výtl.
|
| 490 |
1 |
|
|a Korešpondencia a dokumenty
|v zv. 10
|
| 500 |
|
|
|a Poznámky a vysvetlivky Frontispice
|
| 504 |
|
|
|a Bibliografické odkazy. Menný register
|
| 650 |
0 |
7 |
|a slovanské jazyky
|2 SNKPH
|9 1338
|
| 650 |
0 |
7 |
|a dejiny slovanských literatúr
|2 SNKPH
|9 83666
|
| 650 |
0 |
7 |
|a literárna história
|2 SNKPH
|9 1136
|
| 650 |
0 |
7 |
|a slovanské literatúry
|2 SNKPH
|9 3630
|
| 650 |
0 |
7 |
|a Slavic languages
|2 SNKPHeng
|9 289530
|
| 650 |
0 |
7 |
|a History of Slavic literatures
|2 SNKPHeng
|9 331782
|
| 650 |
0 |
7 |
|a Literary history
|2 SNKPHeng
|9 274706
|
| 650 |
0 |
7 |
|a Slavic literature
|2 SNKPHeng
|9 274089
|
| 655 |
|
7 |
|a monografie
|2 SNKPH
|9 70139
|
| 655 |
|
7 |
|a Monographs
|2 SNKPHeng
|9 120675
|
| 700 |
1 |
|
|a Betáková, Valéria,
|d 1920-1990
|4 trl
|9 107285
|
| 700 |
1 |
|
|a Beták, Rudolf,
|d 1919-1986
|4 trl
|9 37337
|
| 700 |
1 |
|
|a Rosenbaum, Karol,
|d 1920-2001
|4 aui
|9 103255
|
| 710 |
2 |
|
|a Slovenská akadémia vied
|4 pbl
|9 125200
|
| 830 |
|
0 |
|a Korešpondencia a dokumenty
|9 357273
|
| 852 |
|
|
|a Slovenská národná knižnica
|
| 958 |
|
|
|a NB
|
| 958 |
|
|
|a OP
|
| 958 |
|
|
|a LX
|
| 958 |
|
|
|a RK
|
| 958 |
|
|
|a DE
|
| 958 |
|
|
|a OND
|
| 999 |
|
|
|c 760513
|d 762443
|
| 952 |
|
|
|t P60, <04>, [BOOK], {604}
|a SNK
|b SNK
|y VYP
|7 0
|p 17A0952671
|o snkSC 17534 D2
|i snkK 2732/63
|8 3
|0 0
|1 0
|4 0
|d 1998-02-10
|l 0
|r 2005-01-02 00:00:00
|w 2026-02-24
|
| 952 |
|
|
|t P60, <03>, [BOOK], {603}
|a SNK
|b SNK
|y PREZ
|7 0
|p 17A0139923
|o snkSC 17534
|i snkKSP 1781/63
|0 0
|1 0
|4 0
|d 1998-05-13
|f 1
|l 0
|r 2025-07-25 00:00:00
|w 2026-02-24
|
| 952 |
|
|
|t snkŠAF 808.1
|a SNKUST
|b SNKUST
|y PREZ
|7 0
|p 17A0329612
|o snkSC 17534 D1
|i snkKSP 1782/63
|0 0
|1 0
|4 0
|d 2002-01-24
|l 0
|r 2025-05-29 00:00:00
|w 2026-02-24
|
| 952 |
|
|
|a SNKLM
|b SNKLM
|y NEVYP
|7 0
|o snklmDK 6512 SNKLM
|i snklm2013/145
|8 3
|g 14.54
|0 0
|1 0
|4 0
|d 2014-02-10
|l 0
|r 2026-02-24 00:02:46
|w 2026-02-24
|